000 00570nam a22002057a 4500
999 _c2521
_d2521
003 AR-CdUCM
008 190304b ||||| |||| 00| 0 spa d
040 _aMUNICIPALIDAD PROVINCIAL DEL CUSCO
_cBIBLIOTECA MUNICIPAL DEL CUSCO
082 _a869.508 /
_bR68
100 _aRivera, José Eustasio
_98945
245 _aLa vorágine /
260 _aLima :
_bLatinoamericana,
_c1958.
300 _a2 tomos ;
_c17 cm.
505 _aContenido : Novela
650 _aNovela
_95
650 _aColombia
_9140
650 _aLiteratura
_983
942 _2ddc
_cLIBROS
945 _admma